00455cam a22001572 4500001001100000005001700011008004100028020001700069040001500086100003900101245004900140260003400189300002900223650004200252852000300294000002028320151217154439.0110908s xx 000 0 eng d a0072562463 : aKABUcKABU1 aNolen-Hoeksema, Suasn.@000018041510aAbnormal psychology /cSusan Nolen-Hoeksema. aBoston :bMcGraw-Hill,c2004. axxv, 700 p. +e1 CD-ROM. 0aPsychology, Pathological.@00001559081